006660000a220009700045001000019000002450049000193000042000685200422001106500016005327730020005481 aHarris, Peter.10aTowaerds a missiology of caring for creation aVol.34, no.3 ( jul.,2010), p. 220-232 aTodos estamos llamados a ser parte del ministerio de Cristo la reconciliación de "todas las cosas" para Dios mismo, y tenemos mucho por aprender al comienzo para poner en práctica. Nosotros podemos ser confidentes, además que el trabajo que emprendemos en respuesta al llamado de Dios a favor de nuestro amoroso creador, bendecir la creación, y dar verdadero significado al mensaje que Jesús es el Señor.14aSALVACIÓN0 tThe whole world